国立公園の所在市町村 - Statistics

General Stats
  • This quiz has been taken 23 times
  • The average score is 174 of 422
Answer Stats
国立公園名 都道府県 市町村名 % Correct
知床国立公園 斜里町
95%
礼文町
90%
利尻町
90%
釧路湿原国立公園 | 阿寒摩周国立公園 釧路市
90%
利尻礼文サロベツ国立公園 北海道 稚内市
80%
羅臼町
80%
利尻富士町
70%
雲仙市
70%
阿蘇市
70%
釧路町
65%
上川町
65%
十和田市
65%
熊本県 天草市
65%
屋久島国立公園 鹿児島県 屋久島町
60%
幌延町
55%
豊富町
55%
弟子屈町
55%
大雪山国立公園 富良野市
55%
上富良野町
55%
日高山脈襟裳十勝国立公園 帯広市
55%
新ひだか町
55%
大樹町
55%
苫小牧市
55%
ニセコ町
55%
岩手県 八幡平市
55%
三陸復興国立公園 青森県 八戸市
55%
岩手県 宮古市
55%
久慈市
55%
釜石市
55%
気仙沼市
55%
女川町
55%
南三陸町
55%
小笠原国立公園 東京都 小笠原村
55%
箱根町
55%
静岡県 沼津市
55%
富士宮市
55%
富士市
55%
淡路市
55%
洲本市
55%
徳島県 鳴門市
55%
愛媛県 松山市
55%
大分県 大分市
55%
島根県 松江市
55%
西海国立公園 長崎県 佐世保市
55%
雲仙天草国立公園 長崎県 島原市
55%
南島原市
55%
霧島市
55%
奄美群島国立公園 鹿児島県 奄美市
55%
小清水町
50%
白糠町
50%
中標津町
50%
鶴居村
50%
南富良野町
50%
新得町
50%
日高町
50%
えりも町
50%
広尾町
50%
支笏洞爺国立公園 札幌市
50%
千歳市
50%
登別市
50%
恵庭市
50%
伊達市
50%
洞爺湖町
50%
陸前高田市
50%
宮城県 石巻市
50%
磐梯朝日国立公園 山形県 米沢市
50%
朝日町
50%
会津若松市
50%
郡山市
50%
磐梯町
50%
村上市
50%
栃木県 日光市
50%
那須塩原市
50%
秩父多摩甲斐国立公園 埼玉県 秩父市
50%
山梨県 甲府市
50%
甲州市
50%
御殿場市
50%
伊豆市
50%
南アルプス市
50%
静岡県 静岡市
50%
妙高市
50%
長野県 長野市
50%
| 岐阜県 高山市
50%
石川県 白山市
50%
白川村
50%
伊勢志摩国立公園 三重県 伊勢市
50%
十津川村
50%
鳥取県 鳥取市
50%
芦屋市
50%
南あわじ市
50%
姫路市
50%
和歌山県 和歌山市
50%
岡山県 岡山市
50%
倉敷市
50%
広島県 広島市
50%
呉市
50%
尾道市
50%
山口県 下関市
50%
岩国市
50%
香川県 高松市
50%
今治市
50%
福岡県 北九州市
50%
出雲市
50%
足摺宇和海国立公園 愛媛県 宇和島市
50%
上天草市
50%
南阿蘇村
50%
鹿児島県 鹿児島市
50%
やんばる国立公園 沖縄県 国頭村
50%
西表石垣国立公園 沖縄県 石垣市
50%
浦河町
45%
清水町
45%
壮瞥町
45%
十和田八幡平国立公園 青森県 青森市
45%
滝沢市
45%
雫石町
45%
秋田県 鹿角市
45%
大船渡市
45%
普代村
45%
鶴岡市
45%
福島県 福島市
45%
喜多方市
45%
尾瀬国立公園 福島県 南会津町
45%
檜枝岐村
45%
檜原村
45%
奥多摩町
45%
小菅村
45%
富士箱根伊豆国立公園 東京都 大島町
45%
利島村
45%
新島村
45%
神津島村
45%
八丈町
45%
山梨県 富士吉田市
45%
忍野村
45%
山中湖村
45%
富士河口湖町
45%
熱海市
45%
三島市
45%
下田市
45%
伊豆の国市
45%
東伊豆町
45%
南伊豆町
45%
西伊豆町
45%
函南町
45%
みなかみ町
45%
長野県 上田市
45%
中部山岳国立公園 | 妙高戸隠連山国立公園 新潟県 糸魚川市
45%
富山県 富山市
45%
立山町
45%
長野県 大町市
45%
松本市
45%
白馬村
45%
飛騨市
45%
鳥羽市
45%
志摩市
45%
熊野市
45%
大紀町
45%
吉野町
45%
新宮市
45%
山陰海岸国立公園 京都府 京丹後市
45%
瀬戸内海国立公園 兵庫県 神戸市
45%
西宮市
45%
明石市
45%
福山市
45%
大崎上島町
45%
丸亀市
45%
坂出市
45%
さぬき市
45%
多度津町
45%
国東市
45%
大山隠岐国立公園 鳥取県 倉吉市
45%
大山町
45%
隠岐の島町
45%
大分県 別府市
45%
えびの市
45%
与論町
45%
東村
45%
竹富町
45%
清里町
40%
美瑛町
40%
新冠町
40%
喜茂別町
40%
平川市
40%
階上町
40%
山田町
40%
田野畑村
40%
野田村
40%
小国町
40%
猪苗代町
40%
那須町
40%
群馬県 片品村
40%
東京都 青梅市
40%
日の出町
40%
甲斐市
40%
北杜市
40%
山梨市
40%
丹波山村
40%
御蔵島村
40%
南足柄市
40%
湯河原町
40%
身延町
40%
伊東市
40%
裾野市
40%
河津町
40%
松崎町
40%
小山町
40%
早川町
40%
飯田市
40%
川根本町
40%
嬬恋村
40%
草津町
40%
十日町市
40%
小谷村
40%
黒部市
40%
白山国立公園 富山県 南砺市
40%
南伊勢町
40%
吉野熊野国立公園 三重県 尾鷲市
40%
大台町
40%
紀北町
40%
紀宝町
40%
奈良県 五條市
40%
天川村
40%
下北山村
40%
上北山村
40%
和歌山県 田辺市
40%
那智勝浦町
40%
太地町
40%
北山村
40%
串本町
40%
白浜町
40%
兵庫県 豊岡市
40%
新温泉町
40%
香美町
40%
岩美町
40%
赤穂市
40%
相生市
40%
玉野市
40%
瀬戸内市
40%
竹原市
40%
三原市
40%
東広島市
40%
大竹市
40%
廿日市市
40%
江田島市
40%
柳井市
40%
周南市
40%
周防大島町
40%
上関町
40%
観音寺市
40%
東かがわ市
40%
三豊市
40%
小豆島町
40%
土庄町
40%
西条市
40%
大田市
40%
愛南町
40%
高知県 四万十市
40%
宿毛市
40%
土佐清水市
40%
五島市
40%
苓北町
40%
南小国町
40%
由布市
40%
霧島錦江湾国立公園 宮崎県 都城市
40%
南大隅町
40%
瀬戸内町
40%
喜界町
40%
徳之島町
40%
天城町
40%
和泊町
40%
知名町
40%
慶良間諸島国立公園 沖縄県 渡嘉敷村
40%
座間味村
40%
大空町
35%
標茶町
35%
東川町
35%
様似町
35%
中札内村
35%
白老町
35%
仙北市
35%
小坂町
35%
大槌町
35%
岩泉町
35%
飯豊町
35%
西会津町
35%
阿賀町
35%
新潟県 魚沼市
35%
小鹿野町
35%
あきる野市
35%
| 長野県 川上村
35%
三宅村
35%
神奈川県 小田原市
35%
鳴沢村
35%
南アルプス国立公園 山梨県 韮崎市
35%
中之条町
35%
新潟県 南魚沼市
35%
湯沢町
35%
軽井沢町
35%
野沢温泉村
35%
信濃町
35%
魚津市
35%
上市町
35%
安曇野市
35%
岐阜県 郡上市
35%
御浜町
35%
すさみ町
35%
たつの市
35%
備前市
35%
浅口市
35%
坂町
35%
防府市
35%
直島町
35%
八幡浜市
35%
大洲市
35%
上島町
35%
伊方町
35%
姫島村
35%
琴浦町
35%
伯耆町
35%
西ノ島町
35%
知夫村
35%
岡山県 真庭市
35%
西予市
35%
平戸市
35%
西海市
35%
新上五島町
35%
九重町
35%
垂水市
35%
姶良市
35%
大和村
35%
宇検村
35%
龍郷町
35%
大宜味村
35%
津別町
30%
足寄町
30%
平取町
30%
京極町
30%
倶知安町
30%
黒石市
30%
登米市
30%
二本松市
30%
北塩原村
30%
日光国立公園 福島県 下郷町
30%
西郷村
30%
長野県 伊那市
30%
富士見町
30%
長野原町
30%
津南町
30%
須坂市
30%
東御市
30%
高山村
30%
福井県 大野市
30%
勝山市
30%
笠岡市
30%
下松市
30%
田布施町
30%
琴平町
30%
まんのう町
30%
三朝町
30%
海士町
30%
松野町
30%
鬼北町
30%
大月町
30%
小値賀町
30%
鹿児島県 長島町
30%
阿蘇くじゅう国立公園 熊本県 菊池市
30%
高森町
30%
竹田市
30%
小林市
30%
指宿市
30%
伊仙町
30%
美幌町
25%
士幌町
25%
上士幌町
25%
芽室町
25%
西川町
25%
新潟県 新発田市
25%
塩谷町
25%
御代田町
25%
山ノ内町
25%
木島平村
25%
栄村
25%
飯綱町
25%
みなべ町
25%
光市
25%
平生町
25%
豊後高田市
25%
江府町
25%
新庄村
25%
玖珠町
25%
鹿追町
20%
真狩村
20%
大江町
20%
庄内町
20%
胎内市
20%
関川村
20%
矢板市
20%
西桂町
20%
大鹿村
20%
小諸市
20%
善通寺市
20%
日野町
20%
大津町
20%
湧水町
20%
上信越高原国立公園 群馬県 安中市
15%
宝塚市
15%
飯南町
15%
美郷町
15%
産山村
15%
高原町
10%
大蔵村
5%
大玉村
5%
No matching quizzes found
Score Distribution
Percent of People with Each Score
Percentile by Number Answered
Your Score History
You have not taken this quiz